00966cam a22002891 45000010005000000030006000050050017000110080041000280100017000690200018000860400023001040420009001270500019001360820008001551000034001632450092001972500035002892600038003243000040003624900024004025050007004265200131004335210019005645210018005836500035006017000040006362252FISKH20231113162638.0850807s1967 njua j 000 1 eng  a 67024666  a9780142408919 aDLCcDLCdDLCbeng alcac00aPZ7.S68524bEq00a8131 aSobol, Donald J.,d1924-2012.10aEncyclopedia Brown gets his man /cby Donald J. Sobol. Illustrated by Leonard Shortall. aThis edition published in 2007 aNew York : bPuffin books, c1967 a96 pages :billustrations ;c20 cm  aEncyclopedia Brown  aO  aTen brief cases in which the reader pits his wits against those of Encyclopedia Brown, an ingenious twelve-year-old detective.8 a610 bLexile 8 aO bRaz-Plus  1aMystery and detective stories.1 aShortall, Leonard W.,eillustrator